[Event "Turniej Blitza na II Lidze Juniorów 2018"]
[Site "Szczyrk, Poland"]
[Date "2018.07.26"]
[Round "1.25"]
[White "Topola, Rafal"]
[Black "Gredka, Dominika"]
[Result "1/2-1/2"]
[TimeControl "3'+2\""]
[WhiteElo "1244"]
[BlackElo "1782"]

1. Nf3 {[%clk 00:03:03]} {[%emt 00:00:02]} c5 {[%clk 00:03:03]} {[%emt
00:00:01]} 2. g3 {[%clk 00:03:04]} {[%emt 00:00:01]} Nc6 {[%clk 00:03:05]}
{[%emt 00:00:02]} 3. Bg2 {[%clk 00:03:05]} d5 {[%clk 00:03:06]} 4. e3 {[%clk
00:03:06]} e5 {[%clk 00:03:07]} {[%emt 00:00:02]} 5. O-O {[%clk 00:03:06]}
{[%emt 00:00:01]} Nf6 {[%clk 00:03:08]} {[%emt 00:00:03]} 6. d4 {[%clk
00:03:07]} cxd4 {[%clk 00:03:08]} {[%emt 00:00:02]} 7. exd4 {[%clk 00:03:08]}
e4 {[%clk 00:03:09]} 8. Ne1 {[%clk 00:03:08]} {[%emt 00:00:04]} Be7 {[%clk
00:03:07]} {[%emt 00:00:01]} 9. Be3 {[%clk 00:03:06]} {[%emt 00:00:06]} O-O
{[%emt 00:00:02]} 10. c3 {[%clk 00:03:06]} {[%emt 00:00:01]} b6 {[%clk
00:03:08]} {[%emt 00:00:02]} 11. Nc2 {[%clk 00:03:07]} {[%emt 00:00:02]} Ba6
{[%clk 00:03:09]} 12. Re1 {[%clk 00:03:07]} {[%emt 00:00:01]} Bd3 {[%clk
00:03:08]} {[%emt 00:00:03]} 13. Nd2 {[%clk 00:03:06]} {[%emt 00:00:03]} Rc8
{[%clk 00:03:08]} {[%emt 00:00:03]} 14. Nb3 {[%clk 00:03:06]} {[%emt 00:00:02]}
Nd7 {[%clk 00:03:01]} {[%emt 00:00:09]} 15. Qd2 {[%clk 00:03:04]} {[%emt
00:00:03]} f5 {[%clk 00:03:01]} {[%emt 00:00:02]} 16. Bf4 {[%clk 00:03:04]}
{[%emt 00:00:02]} h6 {[%clk 00:03:01]} {[%emt 00:00:02]} 17. h4 {[%clk
00:03:05]} Nf6 {[%clk 00:03:01]} {[%emt 00:00:04]} 18. Red1 {[%clk 00:03:03]}
{[%emt 00:00:03]} Bd6 {[%clk 00:02:58]} {[%emt 00:00:05]} 19. Ne1 {[%clk
00:03:00]} {[%emt 00:00:06]} Ba6 {[%clk 00:02:58]} 20. a3 {[%clk 00:02:59]}
{[%emt 00:00:03]} Bxf4 {[%clk 00:02:58]} {[%emt 00:00:04]} 21. Qxf4 {[%clk
00:03:01]} Nh5 {[%clk 00:02:58]} {[%emt 00:00:01]} 22. Qd2 {[%clk 00:03:01]} g5
{[%clk 00:02:57]} {[%emt 00:00:03]} 23. hxg5 {[%clk 00:03:02]} {[%emt
00:00:02]} Qxg5 {[%clk 00:02:58]} 24. Qxg5+ {[%clk 00:03:03]} hxg5 {[%clk
00:02:59]} 25. Nd2 {[%clk 00:03:01]} {[%emt 00:00:05]} Kg7 {[%clk 00:02:59]}
{[%emt 00:00:01]} 26. Rac1 {[%clk 00:03:01]} {[%emt 00:00:02]} Na5 {[%clk
00:02:59]} {[%emt 00:00:04]} 27. b3 {[%clk 00:03:01]} Rc7 {[%clk 00:02:58]}
{[%emt 00:00:03]} 28. c4 {[%clk 00:03:00]} {[%emt 00:00:03]} dxc4 {[%clk
00:02:59]} 29. bxc4 {[%clk 00:03:01]} {[%emt 00:00:01]} Rfc8 {[%clk 00:02:56]}
{[%emt 00:00:05]} 30. c5 {[%clk 00:03:02]} bxc5 {[%clk 00:02:57]} 31. dxc5
{[%clk 00:03:03]} Rxc5 {[%clk 00:02:58]} {[%emt 00:00:01]} 32. Rxc5 {[%clk
00:03:05]} {[%emt 00:00:01]} Rxc5 {[%clk 00:02:59]} 33. Rb1 {[%clk 00:03:05]}
{[%emt 00:00:02]} Rc7 {[%clk 00:02:59]} {[%emt 00:00:01]} 34. Nf1 {[%clk
00:03:04]} {[%emt 00:00:03]} Bd3 {[%clk 00:02:55]} {[%emt 00:00:06]} 35. Nxd3
{[%clk 00:03:05]} {[%emt 00:00:01]} exd3 {[%clk 00:02:56]} 36. Rd1 {[%clk
00:03:06]} Rd7 {[%clk 00:02:56]} {[%emt 00:00:03]} 37. Ne3 {[%clk 00:03:08]}
Kf6 {[%clk 00:02:55]} {[%emt 00:00:04]} 38. Bf3 {[%clk 00:03:07]} {[%emt
00:00:03]} g4 {[%clk 00:02:55]} {[%emt 00:00:02]} 1/2-1/2

[Event "Turniej Blitza na II Lidze Juniorów 2018"]
[Site "Szczyrk, Poland"]
[Date "2018.07.26"]
[Round "1.20"]
[White "Musial, Tomasz"]
[Black "Skolska, Emilia"]
[Result "1-0"]
[TimeControl "3'+2\""]
[WhiteElo "1833"]
[BlackElo "1261"]

1. Nf3 {[%clk 00:03:02]} {[%emt 00:00:01]} Nc6 {[%clk 00:03:04]} {[%emt
00:00:01]} 2. g3 {[%clk 00:03:03]} {[%emt 00:00:01]} e5 {[%clk 00:03:05]}
{[%emt 00:00:01]} 3. d3 {[%clk 00:03:03]} {[%emt 00:00:02]} d5 {[%clk
00:03:05]} {[%emt 00:00:01]} 4. Bg2 {[%clk 00:03:04]} {[%emt 00:00:01]} Nf6
{[%clk 00:03:06]} {[%emt 00:00:02]} 5. O-O {[%clk 00:03:04]} {[%emt 00:00:02]}
Bc5 {[%clk 00:03:06]} {[%emt 00:00:01]} 6. c3 {[%clk 00:03:02]} {[%emt
00:00:04]} Bb6 {[%clk 00:02:54]} {[%emt 00:00:14]} 7. Nbd2 {[%clk 00:02:57]}
{[%emt 00:00:07]} O-O {[%clk 00:02:54]} {[%emt 00:00:03]} 8. e4 {[%clk
00:02:57]} {[%emt 00:00:02]} dxe4 {[%clk 00:02:52]} {[%emt 00:00:04]} 9. dxe4
{[%clk 00:02:57]} {[%emt 00:00:02]} Bg4 {[%clk 00:02:50]} {[%emt 00:00:04]} 10.
Qc2 {[%clk 00:02:55]} {[%emt 00:00:03]} Re8 {[%clk 00:02:31]} {[%emt 00:00:21]}
11. Nc4 {[%clk 00:02:52]} {[%emt 00:00:05]} Qd7 {[%clk 00:01:56]} {[%emt
00:00:37]} 12. a4 {[%clk 00:02:46]} {[%emt 00:00:08]} a6 {[%clk 00:01:50]}
{[%emt 00:00:08]} 13. Nxb6 {[%clk 00:02:41]} {[%emt 00:00:07]} cxb6 {[%clk
00:01:51]} {[%emt 00:00:02]} 14. Be3 {[%clk 00:02:41]} {[%emt 00:00:02]} Qc7
{[%clk 00:01:44]} {[%emt 00:00:09]} 15. h3 {[%clk 00:02:30]} {[%emt 00:00:13]}
Bh5 {[%clk 00:01:42]} {[%emt 00:00:04]} 16. g4 {[%clk 00:02:27]} {[%emt
00:00:05]} Bg6 {[%clk 00:01:43]} {[%emt 00:00:02]} 17. Nh4 {[%clk 00:02:26]}
{[%emt 00:00:01]} Rad8 {[%clk 00:01:34]} {[%emt 00:00:11]} 18. Nf5 {[%clk
00:02:26]} {[%emt 00:00:03]} Nb4 {[%clk 00:01:13]} {[%emt 00:00:22]} 19. Qb3
{[%clk 00:02:19]} {[%emt 00:00:09]} Nd3 {[%clk 00:00:38]} {[%emt 00:00:38]} 20.
Bxb6 {[%clk 00:02:14]} {[%emt 00:00:06]} Qc6 {[%clk 00:00:32]} {[%emt
00:00:08]} 21. Bxd8 {[%clk 00:02:12]} {[%emt 00:00:04]} Rxd8 {[%clk 00:00:33]}
{[%emt 00:00:01]} 22. Ne7+ {[%clk 00:02:12]} {[%emt 00:00:03]} 1-0

[Event "Turniej Blitza na II Lidze Juniorów 2018"]
[Site "Szczyrk, Poland"]
[Date "2018.07.26"]
[Round "1.21"]
[White "Pancewicz, Szymon"]
[Black "Grzesik, Gracjan"]
[Result "0-1"]
[TimeControl "3'+2\""]
[WhiteElo "1258"]
[BlackElo "1832"]

1. e4 {[%clk 00:03:02]} {[%emt 00:00:01]} c5 {[%clk 00:03:04]} {[%emt
00:00:01]} 2. Nf3 {[%clk 00:03:03]} {[%emt 00:00:01]} d6 {[%clk 00:03:05]}
{[%emt 00:00:01]} 3. d4 {[%clk 00:03:04]} cxd4 {[%clk 00:03:06]} {[%emt
00:00:01]} 4. Nxd4 {[%clk 00:03:05]} {[%emt 00:00:01]} Nf6 {[%clk 00:03:07]} 5.
Nc3 {[%clk 00:03:06]} {[%emt 00:00:01]} a6 {[%clk 00:03:08]} {[%emt 00:00:02]}
6. Bc4 {[%clk 00:03:06]} {[%emt 00:00:01]} e6 {[%clk 00:03:06]} {[%emt
00:00:05]} 7. Bb3 {[%clk 00:03:07]} {[%emt 00:00:01]} Be7 {[%clk 00:03:02]}
{[%emt 00:00:06]} 8. Bg5 {[%clk 00:03:05]} {[%emt 00:00:03]} O-O {[%clk
00:02:58]} {[%emt 00:00:06]} 9. Qd2 {[%clk 00:02:59]} {[%emt 00:00:08]} b5
{[%clk 00:02:44]} {[%emt 00:00:16]} 10. f3 {[%clk 00:02:46]} {[%emt 00:00:16]}
Qc7 {[%clk 00:02:44]} {[%emt 00:00:02]} 11. h4 {[%clk 00:02:43]} {[%emt
00:00:04]} Nbd7 {[%clk 00:02:39]} {[%emt 00:00:08]} 12. g4 {[%clk 00:02:44]}
{[%emt 00:00:01]} Nc5 {[%clk 00:02:33]} {[%emt 00:00:08]} 13. Bxf6 {[%clk
00:02:34]} {[%emt 00:00:12]} Bxf6 {[%clk 00:02:25]} {[%emt 00:00:10]} 14. g5
{[%clk 00:02:35]} Be7 {[%clk 00:02:04]} {[%emt 00:00:23]} 15. h5 {[%clk
00:02:33]} {[%emt 00:00:03]} Nxb3 {[%clk 00:01:53]} {[%emt 00:00:14]} 16. axb3
{[%clk 00:02:34]} {[%emt 00:00:01]} b4 {[%clk 00:01:48]} {[%emt 00:00:07]} 17.
Nce2 {[%clk 00:02:32]} {[%emt 00:00:02]} Qc5 {[%clk 00:01:40]} {[%emt
00:00:12]} 18. g6 {[%clk 00:02:23]} {[%emt 00:00:11]} Bf6 {[%clk 00:01:27]}
{[%emt 00:00:15]} 19. gxh7+ {[%clk 00:02:13]} {[%emt 00:00:11]} Kh8 {[%clk
00:01:27]} {[%emt 00:00:02]} 20. h6 {[%clk 00:02:13]} {[%emt 00:00:02]} g6
{[%clk 00:01:24]} {[%emt 00:00:05]} 21. f4 {[%clk 00:01:41]} {[%emt 00:00:34]}
Bb7 {[%clk 00:01:16]} {[%emt 00:00:11]} 22. Qd3 {[%clk 00:01:34]} {[%emt
00:00:09]} e5 {[%clk 00:00:59]} {[%emt 00:00:18]} 23. Nf3 {[%clk 00:01:26]}
{[%emt 00:00:11]} Kxh7 {[%clk 00:00:54]} {[%emt 00:00:07]} 24. Ng5+ {[%clk
00:01:22]} {[%emt 00:00:06]} Kh8 {[%clk 00:00:36]} {[%emt 00:00:20]} 25. Nf3
{[%clk 00:01:00]} {[%emt 00:00:24]} exf4 {[%clk 00:00:32]} {[%emt 00:00:06]} 26.
Nxf4 {[%clk 00:01:00]} {[%emt 00:00:01]} Rae8 {[%clk 00:00:32]} {[%emt
00:00:02]} 27. O-O-O {[%emt 00:00:09]} Bxe4 {[%clk 00:00:30]} 28. Qd2 {[%clk
00:00:44]} {[%emt 00:00:13]} Bxf3 {[%clk 00:00:30]} {[%emt 00:00:03]} 29. Rdg1
{[%clk 00:00:30]} {[%emt 00:00:16]} Bxh1 {[%clk 00:00:30]} {[%emt 00:00:03]} 30.
Rxh1 {[%clk 00:00:30]} {[%emt 00:00:01]} Qe3 {[%clk 00:00:29]} {[%emt
00:00:04]} 31. Qxe3 {[%clk 00:00:26]} {[%emt 00:00:05]} Rxe3 {[%clk 00:00:30]}
{[%emt 00:00:02]} 32. Nd5 {[%clk 00:00:27]} {[%emt 00:00:01]} Re6 {[%clk
00:00:29]} {[%emt 00:00:02]} 33. Nxb4 {[%clk 00:00:26]} {[%emt 00:00:04]} a5
{[%clk 00:00:25]} {[%emt 00:00:06]} 34. Nc6 {[%emt 00:00:03]} Ra8 {[%clk
00:00:20]} {[%emt 00:00:06]} 35. Rd1 {[%clk 00:00:25]} {[%emt 00:00:03]} Bg5+
{[%clk 00:00:16]} {[%emt 00:00:05]} 36. Kb1 {[%clk 00:00:24]} {[%emt 00:00:03]}
Bxh6 {[%clk 00:00:17]} {[%emt 00:00:01]} 37. Rd5 {[%clk 00:00:23]} {[%emt
00:00:04]} a4 {[%clk 00:00:16]} {[%emt 00:00:03]} 38. bxa4 {[%clk 00:00:23]}
{[%emt 00:00:01]} Rxa4 {[%clk 00:00:17]} {[%emt 00:00:01]} 39. b3 {[%clk
00:00:24]} Ra8 {[%clk 00:00:16]} {[%emt 00:00:03]} 40. c4 {[%clk 00:00:20]}
{[%emt 00:00:07]} Bg7 {[%clk 00:00:10]} {[%emt 00:00:08]} 41. Kc2 {[%clk
00:00:17]} {[%emt 00:00:04]} Ra2+ {[%clk 00:00:11]} 42. Kd3 {[%clk 00:00:18]}
{[%emt 00:00:01]} Ra1 {[%clk 00:00:09]} {[%emt 00:00:04]} 43. Kd2 {[%clk
00:00:14]} {[%emt 00:00:06]} Bh6+ {[%clk 00:00:09]} {[%emt 00:00:03]} 44. Kc2
{[%clk 00:00:12]} {[%emt 00:00:03]} Rc1+ {[%clk 00:00:09]} {[%emt 00:00:02]} 45.
Kb2 {[%clk 00:00:11]} {[%emt 00:00:01]} Rh1 {[%clk 00:00:07]} {[%emt 00:00:07]}
46. Nb4 {[%clk 00:00:08]} {[%emt 00:00:05]} Re2+ {[%clk 00:00:07]} {[%emt
00:00:02]} 47. Ka3 {[%clk 00:00:06]} {[%emt 00:00:04]} Ra1+ {[%clk 00:00:07]}
{[%emt 00:00:01]} 48. Na2 {[%clk 00:00:07]} {[%emt 00:00:01]} Raxa2+ {[%clk
00:00:07]} {[%emt 00:00:02]} 49. Kb4 {[%clk 00:00:09]} Bd2+ {[%clk 00:00:08]}
{[%emt 00:00:02]} 50. Kb5 {[%clk 00:00:10]} {[%emt 00:00:01]} Ra5+ {[%clk
00:00:08]} {[%emt 00:00:01]} 51. Kc6 {[%clk 00:00:11]} Rxd5 {[%clk 00:00:09]}
{[%emt 00:00:01]} 52. cxd5 {[%clk 00:00:11]} {[%emt 00:00:02]} Bb4 {[%clk
00:00:10]} 53. Kb5 {[%emt 00:00:02]} Bc5 {[%clk 00:00:11]} 54. Kc6 {[%clk
00:00:13]} {[%emt 00:00:01]} Rb2 {[%clk 00:00:12]} {[%emt 00:00:01]} 55. b4
{[%clk 00:00:14]} {[%emt 00:00:01]} Rxb4 {[%clk 00:00:13]} {[%emt 00:00:01]} 56.
Kc7 {[%clk 00:00:14]} {[%emt 00:00:02]} Re4 {[%clk 00:00:13]} {[%emt 00:00:01]}
57. Kc6 {[%clk 00:00:14]} {[%emt 00:00:02]} g5 {[%clk 00:00:15]} {[%emt
00:00:01]} 58. Kc7 {[%clk 00:00:16]} {[%emt 00:00:05]} 0-1

[Event "Turniej Blitza na II Lidze Juniorów 2018"]
[Site "Szczyrk, Poland"]
[Date "2018.07.26"]
[Round "1.29"]
[White "Wieckowski, Michal"]
[Black "Ziemniak, Piotr"]
[Result "1-0"]
[TimeControl "3'+2\""]
[WhiteElo "1228"]
[BlackElo "1737"]

1. e4 {[%clk 00:03:03]} {[%emt 00:10:18]} c5 {[%clk 00:03:02]} {[%emt
00:00:02]} 2. Nf3 {[%clk 00:03:04]} {[%emt 00:00:01]} d6 {[%clk 00:03:03]}
{[%emt 00:00:01]} 3. d4 {[%clk 00:03:05]} cxd4 {[%clk 00:03:04]} 4. Nxd4 {[%clk
00:03:06]} {[%emt 00:00:01]} Nf6 {[%clk 00:03:05]} 5. Nc3 {[%clk 00:03:07]}
{[%emt 00:00:01]} a6 {[%clk 00:03:07]} 6. Bg5 {[%clk 00:03:06]} {[%emt
00:00:03]} e6 {[%clk 00:02:47]} {[%emt 00:00:22]} 7. Bd3 {[%clk 00:03:06]}
{[%emt 00:00:02]} Be7 {[%clk 00:02:47]} {[%emt 00:00:02]} 8. O-O {[%clk
00:03:06]} {[%emt 00:00:02]} Qc7 {[%clk 00:02:41]} {[%emt 00:00:08]} 9. Qe2
{[%clk 00:02:52]} {[%emt 00:00:15]} O-O {[%clk 00:02:33]} {[%emt 00:00:11]} 10.
Rfe1 {[%clk 00:02:47]} {[%emt 00:00:07]} Nc6 {[%clk 00:02:31]} {[%emt
00:00:04]} 11. Nf3 {[%clk 00:02:43]} {[%emt 00:00:05]} h6 {[%clk 00:02:21]}
{[%emt 00:00:12]} 12. Bh4 {[%clk 00:02:36]} {[%emt 00:00:09]} b5 {[%clk
00:02:13]} {[%emt 00:00:11]} 13. a3 {[%clk 00:02:36]} {[%emt 00:00:02]} Bb7
{[%clk 00:02:14]} {[%emt 00:00:01]} 14. Rad1 {[%clk 00:02:31]} {[%emt
00:00:07]} Rac8 {[%clk 00:02:05]} {[%emt 00:00:11]} 15. h3 {[%clk 00:02:17]}
{[%emt 00:00:16]} Ne5 {[%clk 00:01:41]} {[%emt 00:00:27]} 16. Nxe5 {[%clk
00:02:08]} {[%emt 00:00:10]} dxe5 {[%clk 00:01:42]} {[%emt 00:00:01]} 17. Bg3
{[%clk 00:02:01]} {[%emt 00:00:09]} Nd7 {[%clk 00:01:43]} {[%emt 00:00:02]} 18.
Bxb5 {[%clk 00:01:37]} {[%emt 00:00:25]} axb5 {[%clk 00:01:25]} {[%emt
00:00:20]} 19. Nxb5 {[%clk 00:01:38]} Qc6 {[%clk 00:01:22]} {[%emt 00:00:05]}
20. Rd2 {[%clk 00:01:24]} {[%emt 00:00:16]} Ba6 {[%clk 00:01:21]} {[%emt
00:00:03]} 21. a4 {[%clk 00:01:21]} {[%emt 00:00:05]} Bb4 {[%clk 00:01:11]}
{[%emt 00:00:11]} 22. c3 {[%clk 00:01:22]} {[%emt 00:00:02]} Ba5 {[%clk
00:01:13]} 23. Red1 {[%clk 00:01:14]} {[%emt 00:00:09]} Nc5 {[%clk 00:01:06]}
{[%emt 00:00:08]} 24. Rd6 {[%clk 00:01:09]} {[%emt 00:00:07]} Bxb5 {[%clk
00:01:03]} {[%emt 00:00:05]} 25. axb5 {[%clk 00:01:05]} {[%emt 00:00:07]} Qxe4
{[%clk 00:00:56]} {[%emt 00:00:09]} 26. Qd2 {[%clk 00:00:47]} {[%emt 00:00:20]}
Nb3 {[%clk 00:00:51]} {[%emt 00:00:07]} 27. Qd3 {[%clk 00:00:45]} {[%emt
00:00:04]} Qxd3 {[%clk 00:00:51]} {[%emt 00:00:02]} 28. R1xd3 {[%clk 00:00:46]}
{[%emt 00:00:01]} e4 {[%clk 00:00:47]} {[%emt 00:00:06]} 29. Re3 {[%clk
00:00:46]} {[%emt 00:00:01]} Bc7 {[%clk 00:00:48]} {[%emt 00:00:02]} 30. Rd1
{[%clk 00:00:39]} {[%emt 00:00:08]} Bxg3 {[%clk 00:00:49]} {[%emt 00:00:02]} 31.
Rxg3 {[%clk 00:00:39]} {[%emt 00:00:02]} f5 {[%clk 00:00:50]} 32. Rd6 {[%clk
00:00:38]} {[%emt 00:00:03]} Kf7 {[%clk 00:00:45]} {[%emt 00:00:07]} 33. Rd7+
{[%clk 00:00:39]} Kf6 {[%clk 00:00:46]} {[%emt 00:00:01]} 34. Rdxg7 {[%clk
00:00:37]} {[%emt 00:00:04]} Nc1 {[%clk 00:00:32]} {[%emt 00:00:16]} 35. R3g6+
{[%clk 00:00:36]} {[%emt 00:00:03]} Ke5 {[%clk 00:00:33]} {[%emt 00:00:01]} 36.
Rxh6 {[%clk 00:00:36]} {[%emt 00:00:02]} Rcd8 {[%clk 00:00:33]} {[%emt
00:00:02]} 37. Rgg6 {[%clk 00:00:35]} {[%emt 00:00:03]} Rfe8 {[%clk 00:00:34]}
{[%emt 00:00:01]} 38. Rh7 {[%clk 00:00:30]} {[%emt 00:00:07]} Nd3 {[%clk
00:00:34]} {[%emt 00:00:03]} 39. b6 {[%clk 00:00:23]} {[%emt 00:00:08]} Nxb2
{[%clk 00:00:33]} {[%emt 00:00:03]} 40. b7 {[%clk 00:00:24]} {[%emt 00:00:01]}
Nd1 {[%clk 00:00:32]} {[%emt 00:00:03]} 41. c4 {[%clk 00:00:25]} {[%emt
00:00:02]} Nb2 {[%clk 00:00:31]} {[%emt 00:00:02]} 42. c5 {[%clk 00:00:26]}
{[%emt 00:00:01]} Kd5 {[%clk 00:00:29]} {[%emt 00:00:04]} 43. Rgg7 {[%clk
00:00:25]} {[%emt 00:00:04]} Kxc5 {[%clk 00:00:29]} {[%emt 00:00:02]} 44. Rc7+
{[%clk 00:00:24]} {[%emt 00:00:02]} Kd5 {[%clk 00:00:30]} 45. Kh2 {[%clk
00:00:14]} {[%emt 00:00:12]} Nd3 {[%clk 00:00:30]} {[%emt 00:00:03]} 46. Kg1
{[%clk 00:00:11]} {[%emt 00:00:04]} Kd6 {[%clk 00:00:27]} {[%emt 00:00:05]} 47.
Rc3 {[%clk 00:00:10]} {[%emt 00:00:02]} Ke5 {[%clk 00:00:28]} {[%emt 00:00:02]}
48. Rcc7 {[%clk 00:00:10]} {[%emt 00:00:02]} Nb4 {[%clk 00:00:27]} {[%emt
00:00:02]} 49. Rhd7 {[%clk 00:00:09]} {[%emt 00:00:03]} Nd5 {[%clk 00:00:28]}
50. Rxd8 {[%clk 00:00:09]} {[%emt 00:00:02]} Rxd8 {[%clk 00:00:29]} 51. Rc8
{[%clk 00:00:10]} Ne7 {[%clk 00:00:10]} {[%emt 00:00:22]} 52. Rxd8 {[%clk
00:00:11]} {[%emt 00:00:02]} Nc6 {[%clk 00:00:11]} 53. b8=Q+ Nxb8 {[%clk
00:00:12]} 54. Rxb8 {[%clk 00:00:12]} Kf6 {[%clk 00:00:13]} {[%emt 00:00:02]}
55. g3 {[%clk 00:00:14]} {[%emt 00:00:01]} Ke5 {[%clk 00:00:14]} 56. Rb5+
{[%clk 00:00:14]} {[%emt 00:00:01]} Kf6 {[%clk 00:00:15]} 57. Kg2 {[%clk
00:00:16]} Kg5 {[%clk 00:00:13]} {[%emt 00:00:04]} 58. Rb3 {[%clk 00:00:16]}
{[%emt 00:00:01]} Kf6 {[%clk 00:00:13]} {[%emt 00:00:02]} 59. f3 {[%clk
00:00:17]} {[%emt 00:00:01]} e3 {[%clk 00:00:13]} {[%emt 00:00:02]} 60. Rxe3
{[%clk 00:00:18]} {[%emt 00:00:02]} 1-0

[Event "Turniej Blitza na II Lidze Juniorów 2018"]
[Site "Szczyrk, Poland"]
[Date "2018.07.26"]
[Round "1.22"]
[White "Posuniak, Weronika"]
[Black "Rudas, Borys"]
[Result "1-0"]
[TimeControl "3'+2\""]
[WhiteElo "1808"]
[BlackElo "1257"]

1. d4 {[%emt 00:48:06]} d5 2. c4 {[%emt 00:00:01]} c6 {[%emt 00:00:01]} 3. Nc3
{[%emt 00:00:01]} Nf6 {[%emt 00:00:01]} 4. cxd5 {[%emt 00:00:01]} cxd5 {[%emt
00:00:01]} 5. Nf3 {[%emt 00:00:02]} Nc6 {[%emt 00:00:02]} 6. Bg5 {[%emt
00:00:04]} Bf5 {[%emt 00:00:05]} 7. a3 {[%emt 00:00:03]} h6 {[%emt 00:00:04]} 8.
Bh4 e6 {[%emt 00:00:07]} 9. e3 Bd6 {[%emt 00:00:03]} 10. Bd3 {[%emt 00:00:09]}
Bxd3 {[%emt 00:00:05]} 11. Qxd3 {[%emt 00:00:02]} O-O {[%emt 00:00:03]} 12. O-O
{[%emt 00:00:02]} e5 {[%emt 00:00:12]} 13. dxe5 {[%emt 00:00:05]} Bxe5 {[%emt
00:00:08]} 14. Nxe5 {[%emt 00:00:14]} Nxe5 {[%emt 00:00:03]} 15. Qd4 {[%emt
00:00:03]} Rc8 {[%emt 00:00:43]} 16. Qxe5 {[%emt 00:00:04]} Re8 {[%emt
00:00:04]} 17. Bxf6 {[%emt 00:00:11]} gxf6 {[%emt 00:00:05]} 18. Qxd5 {[%emt
00:00:02]} Qxd5 {[%emt 00:00:14]} 19. Nxd5 {[%emt 00:00:02]} Re6 {[%emt
00:00:07]} 20. Rac1 {[%emt 00:00:03]} Rd8 {[%emt 00:00:03]} 21. Nf4 {[%emt
00:00:02]} Rb6 {[%emt 00:00:06]} 22. Rc2 {[%emt 00:00:05]} Rdd6 {[%emt
00:00:22]} 23. g3 {[%emt 00:00:04]} Rb5 {[%emt 00:00:01]} 24. Rfc1 {[%emt
00:00:07]} Rdb6 {[%emt 00:00:04]} 25. b4 {[%emt 00:00:11]} Rg5 {[%emt
00:00:10]} 26. e4 {[%emt 00:00:09]} Kg7 {[%emt 00:00:05]} 27. h4 {[%emt
00:00:04]} Rgb5 {[%emt 00:00:06]} 28. Rc5 {[%emt 00:00:06]} Rxc5 {[%emt
00:00:05]} 29. Rxc5 {[%emt 00:00:01]} Rc6 {[%emt 00:00:06]} 30. Rxc6 {[%emt
00:00:05]} bxc6 {[%emt 00:00:02]} 31. Ne2 {[%emt 00:00:04]} Kg6 {[%emt
00:00:01]} 32. Nd4 {[%emt 00:00:01]} h5 {[%emt 00:00:04]} 33. Nxc6 {[%emt
00:00:02]} f5 34. exf5+ {[%emt 00:00:02]} Kxf5 35. Nxa7 {[%emt 00:00:02]} Ke4
36. b5 {[%emt 00:00:03]} Kd5 37. b6 {[%emt 00:00:03]} Kd6 {[%emt 00:00:02]} 38.
a4 {[%emt 00:00:03]} Kc5 {[%emt 00:00:03]} 39. b7 {[%emt 00:00:02]} Kd5 {[%emt
00:00:15]} 40. b8=Q {[%emt 00:00:02]} f5 {[%emt 00:00:04]} 41. a5 {[%emt
00:00:08]} Kd4 {[%emt 00:00:03]} 42. Qb5 {[%emt 00:00:09]} f4 {[%emt 00:00:02]}
43. gxf4 {[%emt 00:00:04]} Ke4 {[%emt 00:00:02]} 44. Qe5+ {[%emt 00:00:04]} Kd3
{[%emt 00:00:02]} 45. Kf1 {[%emt 00:00:05]} Kc2 {[%emt 00:00:04]} 46. Qe3
{[%emt 00:00:02]} Kb2 {[%emt 00:00:01]} 47. Nb5 {[%emt 00:00:02]} Ka2 {[%emt
00:00:03]} 48. Qc3 {[%emt 00:00:06]} Kb1 {[%emt 00:00:05]} 49. Na3+ {[%emt
00:00:02]} Ka2 {[%emt 00:00:03]} 50. Nc4 {[%emt 00:00:02]} Kb1 {[%emt
00:00:03]} 51. Qb2# {[%emt 00:00:01]} 1-0